00808nam a2200193 a 4500008004100000020001500041050001800056100001900074245010300093260002700196300001000223350000900233650001100242650004400253700001800297995014700315995013500462999001700597120416s1982 ||||||||||||||||| || u a915403731X aZ 7164.H8 Sch aChanda, Jairus10aBibliography on human settlements with emphasis on households and residential environment - Zambia aStockholm:bSCBRc1982 a137p. a0.00 aZAMBIA aHUMAN SETTLEMENTS--ZAMBIA--BIBLIOGRAPHY aSchlyter, Ann aSPECIAL COLLECTIONSD0.00e711231FCBU-MAIN LIBRARY (Kitwe)H1I0.00jZAM Z 7164.H8 SCHM2UAVAILABLEWOct 3, 2007y55663ZZambiana Collection aSPECIAL COLLECTIONSD0.00e705425FCBU-MAIN LIBRARY (Kitwe)H2I20.00jZAM Z 7164.H8 SCHM1UAVAILABLEy56071ZZambiana Collection c84629d84629